Music Quiz

Random Music or Bands Quiz
Score 0/100 Timer 15:00
0 Plays Today
Place Artist % Correct
3The Beatles
89.9%
6The Rolling Stones
79%
61Michael Jackson
68.8%
2Elvis Presley
67.7%
43Madonna
62%
1Bob Dylan
58.8%
48Led Zeppelin
53.7%
49U2
50.2%
71Metallica
49.9%
13Bruce Springsteen
48.9%
38Nirvana
47.1%
66Dr. John
46.9%
30Jimi Hendrix
43%
39The Beach Boys
42.1%
4Aretha Franklin
41.9%
92AC/DC
40.3%
10David Bowie
39.5%
23Patti Smith
38.2%
9The Clash
37.9%
81The Doors
37.3%
27Prince
37.1%
35Black Sabbath
36.8%
15The Sex Pistols
36.3%
100Oasis
36.3%
90The Kinks
33.6%
70Johnny Cash
33.5%
14James Brown
32.7%
12Stevie Wonder
32.6%
26The Ramones
32.3%
7Bob Marley
32.1%
85Eric Clapton
32%
5Marvin Gaye
31.2%
51Chuck Berry
29.6%
50Neil Young
29%
Place Artist % Correct
44Al Green
28.8%
22Ray Charles
27%
34The Smiths
26.8%
95Simon and Garfunkel
25.6%
31Little Richard
25.5%
94Buddy Holly
24.9%
88Creedence Clearwater Revival
24.7%
8The Velvet Underground
24.3%
62Jerry Lee Lewis
23.7%
63Sly and the Family Stone
23.4%
77Carole King
22%
11Otis Redding
21.3%
89Rod Stewart
21.3%
32Joni Mitchell
20.8%
46Hank Williams
20.1%
47Depeche Mode
19.8%
60Barry White
19.8%
18Run DMC
19.6%
42Joy Division
19.5%
28Van Morrison
19.3%
20Iggy Pop
18.7%
68The Byrds
18.7%
72The Temptations
18.6%
65Willie Nelson
18.4%
33The Band
18.3%
80Charlie Rich
18.3%
96Elvis Costello
17.9%
74Talking Heads
17.6%
16Kraftwerk
16%
69Muddy Waters
15.8%
45Public Enemy
15.7%
82Roy Orbison
15.7%
55Dr. Dre
14.9%
36The Four Tops
14.2%
Place Artist % Correct
64Robert Johnson
13%
84Booker T and the MG's
11.8%
24Smokey Robinson
11%
97Sonic Youth
10.4%
40Television
9.4%
59T-Rex
8.9%
73LL Cool J
8.9%
17Curtis Mayfield
8.6%
25Derrick May
8.1%
76Isley Brothers
8.1%
87Tim Buckley
7.8%
99The Fugees
7.5%
98Captain Beefheart
6.9%
57MC5
6%
52Howlin' Wolf
5.6%
19Phil Spector
5%
58Wilson Pickett
4.8%
75Alex Chilton/Big Star
4.2%
21Lee Perry
4.1%
56The Staple Singers
4.1%
79Mott the Hoople
3.8%
53Sam & Dave
3.5%
37Primal Scream
2.6%
86Gang Starr
2.6%
29Gram Parsons
2.4%
41Massive Attack
2.3%
93T-bone Walker
1.8%
83The Undertones
1.7%
91Underworld
0.9%
54Johnny Thunders
0.5%
67Bobby 'Blue' Bland
0.5%
78Harold Melvin and the Blue Notes
0.3%

You're not logged in!

Compare scores with friends on all Sporcle quizzes.
OR
Log In

Sporcle TV

Today on Sporcle TV


Watch our educational content, quiz creation guides, and fun videos on Sporcle TV.

Show Comments

Extras

Top Quizzes Today


Score Distribution

Paid Content

Your Account Isn't Verified!

In order to create a playlist on Sporcle, you need to verify the email address you used during registration. Go to your Sporcle Settings to finish the process.

Report this User

Report this user for behavior that violates our Community Guidelines.

Details: